<?xml version="1.0" encoding="UTF-8"?><?xml-stylesheet type="text/xsl" href="static/style.xsl"?><OAI-PMH xmlns="http://www.openarchives.org/OAI/2.0/" xmlns:xsi="http://www.w3.org/2001/XMLSchema-instance" xsi:schemaLocation="http://www.openarchives.org/OAI/2.0/ http://www.openarchives.org/OAI/2.0/OAI-PMH.xsd"><responseDate>2026-04-14T15:59:34Z</responseDate><request verb="GetRecord" identifier="oai:uvadoc.uva.es:10324/51178" metadataPrefix="marc">https://uvadoc.uva.es/oai/request</request><GetRecord><record><header><identifier>oai:uvadoc.uva.es:10324/51178</identifier><datestamp>2025-03-04T09:46:53Z</datestamp><setSpec>com_10324_1186</setSpec><setSpec>com_10324_931</setSpec><setSpec>com_10324_894</setSpec><setSpec>col_10324_1404</setSpec></header><metadata><record xmlns="http://www.loc.gov/MARC21/slim" xmlns:doc="http://www.lyncode.com/xoai" xmlns:xsi="http://www.w3.org/2001/XMLSchema-instance" xmlns:dcterms="http://purl.org/dc/terms/" xsi:schemaLocation="http://www.loc.gov/MARC21/slim http://www.loc.gov/standards/marcxml/schema/MARC21slim.xsd">
<leader>00925njm 22002777a 4500</leader>
<datafield tag="042" ind1=" " ind2=" ">
<subfield code="a">dc</subfield>
</datafield>
<datafield tag="720" ind1=" " ind2=" ">
<subfield code="a">Kolesniková, Lucie</subfield>
<subfield code="e">author</subfield>
</datafield>
<datafield tag="720" ind1=" " ind2=" ">
<subfield code="a">León Ona, Iker</subfield>
<subfield code="e">author</subfield>
</datafield>
<datafield tag="720" ind1=" " ind2=" ">
<subfield code="a">Alonso Alonso, Elena Rita</subfield>
<subfield code="e">author</subfield>
</datafield>
<datafield tag="720" ind1=" " ind2=" ">
<subfield code="a">Mata López, Santiago</subfield>
<subfield code="e">author</subfield>
</datafield>
<datafield tag="720" ind1=" " ind2=" ">
<subfield code="a">Alonso Hernández, José Luis</subfield>
<subfield code="e">author</subfield>
</datafield>
<datafield tag="260" ind1=" " ind2=" ">
<subfield code="c">2021</subfield>
</datafield>
<datafield tag="520" ind1=" " ind2=" ">
<subfield code="a">The large amount of unstable species in the realm ofinterstellar chemistry drives an urgent need to develop efficientmethods for the in situ generations of molecules that enabletheir spectroscopic characterizations. Such laboratory experi-ments are fundamental to decode the molecular universe bymatching the interstellar and terrestrial spectra. We propose anapproach based on laser ablation of nonvolatile solid organicprecursors. The generated chemical species are cooled ina supersonic expansion and probed by high-resolution micro-wave spectroscopy. We present a proof of concept througha simultaneous formation of interstellar compounds and thefirst generation of aminocyanoacetylene using diaminomaleo-nitrile as a prototypical precursor. With this micro-laboratory,we open the door to generation of unsuspected species usingprecursors not typically accessible to traditional techniquessuch as electric discharge and pyrolysis.</subfield>
</datafield>
<datafield tag="024" ind2=" " ind1="8">
<subfield code="a">Angewandte Chemie International Edition, 2021, vol. 60, n. 46, p. 24461-24466</subfield>
</datafield>
<datafield tag="024" ind2=" " ind1="8">
<subfield code="a">1433-7851</subfield>
</datafield>
<datafield tag="024" ind2=" " ind1="8">
<subfield code="a">https://uvadoc.uva.es/handle/10324/51178</subfield>
</datafield>
<datafield tag="024" ind2=" " ind1="8">
<subfield code="a">10.1002/anie.202110325</subfield>
</datafield>
<datafield tag="024" ind2=" " ind1="8">
<subfield code="a">24461</subfield>
</datafield>
<datafield tag="024" ind2=" " ind1="8">
<subfield code="a">46</subfield>
</datafield>
<datafield tag="024" ind2=" " ind1="8">
<subfield code="a">24466</subfield>
</datafield>
<datafield tag="024" ind2=" " ind1="8">
<subfield code="a">Angewandte Chemie International Edition</subfield>
</datafield>
<datafield tag="024" ind2=" " ind1="8">
<subfield code="a">60</subfield>
</datafield>
<datafield tag="024" ind2=" " ind1="8">
<subfield code="a">1521-3773</subfield>
</datafield>
<datafield tag="245" ind1="0" ind2="0">
<subfield code="a">An innovative approach for the generation of species of the interstellar medium</subfield>
</datafield>
</record></metadata></record></GetRecord></OAI-PMH>